000 00357nam a2200097Ia 4500
005 20250424112927.0
008 250424s9999 xx 000 0 und d
300 _a64 p. : ill. ; 30 cm.
650 _aAssociation of Accountants in Nigeria--Periodicals. Institute of Chartered Accountants of Nigeria--Periodicals. Accounting--Nigeria--Periodicals.
942 _cSR
999 _c37924
_d37924